Heritage (Record no. 186674)

MARC details
000 -LEADER
campo de control de longitud fija 00913nam a2200229 i 4500
001 - NÚMERO DE CONTROL
campo de control 186674
003 - IDENTIFICADOR DE NÚMERO DE CONTROL
campo de control ES-MaACL
005 - FECHA Y HORA DE LA ÚLTIMA TRANSACCIÓN
campo de control 20250811223537.0
008 - DATOS DE LONGITUD FIJA--INFORMACIÓN GENERAL
campo de control de longitud fija 170130q2007 bu ao c |||| | eng d
080 ## - NÚMERO DE LA CLASIFICACIÓN DECIMAL UNIVERSAL
Número de la Clasificación Decimal Universal 7(497.2)
080 ## - NÚMERO DE LA CLASIFICACIÓN DECIMAL UNIVERSAL
Número de la Clasificación Decimal Universal 930.85(497.2)
245 00 - MENCIÓN DEL TÍTULO
Título Heritage
Resto del título : the cultural wealth of Bulgaria /
Mención de responsabilidad, etc. essays by Ivan Marazov, Axinia Dzurova ; photographs by Ivo Hadjimishev.
260 ## - PUBLICACIÓN, DISTRIBUCIÓN, ETC.
Lugar de publicación, distribución, etc. [Sofia :
Nombre del editor, distribuidor, etc. Dimiter Blagoev Printing House,
Fecha de publicación, distribución, etc. 2007?]
300 ## - DESCRIPCIÓN FÍSICA
Extensión 160 p. :
Otras características físicas principalmente il. col., fot. ;
Dimensiones 31 cm.
505 8# - NOTA DE CONTENIDO CON FORMATO
Nota de contenido con formato Contiene: ;
Título Art in Ancient Trace /
Mención de responsabilidad Ivan Marazov. --
Título Golden pages of Medieval Bulgaria /
Mención de responsabilidad Axinia Dzurova
546 ## - NOTA DE IDIOMA
Nota de lengua/lenguaje Texto en inglés, a 2 columnas.
650 #7 - PUNTO DE ACCESO ADICIONAL DE MATERIA--TÉRMINO DE MATERIA
Término de materia o nombre geográfico como elemento de entrada Arte búlgaro
Fuente del encabezamiento o término embne
9 (RLIN) 161613
651 #4 - PUNTO DE ACCESO ADICIONAL DE MATERIA--NOMBRE GEOGRÁFICO
Nombre geográfico Bulgaria-
Subdivisión general Civilización.
9 (RLIN) 161614
852 ## - LOCALIZACIÓN
Ubicación ES-MaACL
Número de control de estantería A-13974
itemnumber 193731
Sublocalización o colección R.151348
Ubicación en estantería Depósito 1
Signatura antigua Olim: N-6974
942 ## - ELEMENTOS DE ENTRADA SECUNDARIOS (KOHA)
Fuente del sistema de clasificación o colocación Clasificación decimal universal
Tipo de ítem Koha Libro impreso
Holdings
Estatus retirado Estado de pérdida Fuente del sistema de clasificación o colocación Estado de daño No para préstamo Biblioteca de origen Biblioteca actual Ubicación en estantería Fecha de adquisición Fuente de adquisición Total de préstamos Signatura topográfica completa Código de barras Visto por última vez Precio de reemplazo Tipo de ítem Koha
    Clasificación decimal universal     Biblioteca del Ateneo de Madrid Biblioteca del Ateneo de Madrid Depósito 1 30/01/2017 Donación   A-13974 1196908 23/02/2023 23/02/2023 Libro impreso